[Event "Vitoria op 1st"]
[Site "Vitoria"]
[Date "2006.09.09"]
[Round "5"]
[White "Silveira, Rogerio Zanon"]
[Black "Souza, Luiz Doehnert"]
[Result "0-1"]
[WhiteElo "2171"]
[BlackElo "2318"]
[PlyCount "56"]
[EventDate "2006.09.07"]
[EventType "swiss"]
[EventRounds "7"]
[EventCountry "BRA"]
[SourceTitle "CBM 114 Extra"]
[Source "ChessBase"]
[SourceDate "2006.11.03"]
[SourceVersion "1"]
[SourceVersionDate "2006.11.03"]
[SourceQuality "1"]

1. e4 c5 2. Nf3 d6 3. Bb5+ Nd7 4. 0-0 e6 5. d4 cxd4 6. Qxd4 a6 7. Bxd7+ Bxd7 8. Bg5 Nf6 9. e5 dxe5 10. Nxe5 Bb5 11. Qxd8+ Rxd8 12. c4 Bd6 13. Nxf7 Kxf7 14. cxb5 axb5 15. Nc3 b4 16. Bxf6 gxf6 17. Ne4 Be5 18. Rab1 f5 19. Ng5+ Kf6 20. Nf3 Rd5 21. Nxe5 Rxe5 22. Rfc1 Rd8 23. Rc2 Red5 24. Kf1 h5 25. b3 b5 26. Ke2 h4 27. Rbb2 Re5+ 28. Kf3 Rd3+ 0-1

[Event "Vitoria op 1st"]
[Site "Vitoria"]
[Date "2006.09.08"]
[Round "4"]
[White "Souza, Luiz Doehnert"]
[Black "Ramos, Angelo Bil"]
[Result "1-0"]
[WhiteElo "2318"]
[BlackElo "2178"]
[PlyCount "87"]
[EventDate "2006.09.07"]
[EventType "swiss"]
[EventRounds "7"]
[EventCountry "BRA"]
[SourceTitle "CBM 114 Extra"]
[Source "ChessBase"]
[SourceDate "2006.11.03"]
[SourceVersion "1"]
[SourceVersionDate "2006.11.03"]
[SourceQuality "1"]

1. e4 c5 2. Nf3 Nc6 3. Bb5 g6 4. 0-0 Bg7 5. Nc3 e5 6. d3 Nge7 7. Bg5 a6 8. Bxc6 dxc6 9. Na4 b6 10. Qc1 h6 11. Be3 Rb8 12. Kh1 Be6 13. Ng1 g5 14. Rd1 Ng6 15. c3 0-0 16. Rd2 Qe7 17. Ne2 Nf4 18. Ng3 Rfd8 19. Qc2 Qd7 20. Rad1 h5 21. d4 cxd4 22. cxd4 exd4 23. Bxd4 Bxd4 24. Rxd4 Qxd4 25. Rxd4 Rxd4 26. h3 c5 27. Kh2 b5 28. Qxc5 Rxa4 29. Qxg5+ Ng6 30. Nxh5 Kf8 31. f4 Rxe4 32. f5 Bxf5 33. Qxf5 Re5 34. Qf6 Rbe8 35. Nf4 Nxf4 36. Qh8+ Ke7 37. Qxe5+ Ne6 38. Qd5 Nc7 39. Qc6 Kd8 40. h4 Re6 41. Qc5 Ne8 42. Qf8 Rf6 43. h5 Kd7 44. h6 1-0